Catalog

Record Details

Catalog Search



Available copies

  • 1 of 1 copy available at LARL/NWRL Consortium.

Current holds

0 current holds with 1 total copy.

Show Only Available Copies
Location Call Number / Copy Notes Barcode Shelving Location Status Due Date
Thief River Falls Public Library DVD ER (Text) 35500006359986 Main Available -

Record details

  • ISBN: 1419883143
  • ISBN: 9781419883149
  • Physical Description: 6 videodiscs (1023 min.) : sd., col. ; 4 3/4 in.
  • Edition: Widescreen ed.
  • Publisher: Burbank, CA : Warner Home Video, 2009.

Content descriptions

General Note:
Created by Michael Crichton.
Special features: Outpatient outtakes: unaired scenes.
Formatted Contents Note:
Disc 1. One for the road ; Damaged ; Try Carter ; ... Read More
Participant or Performer Note:
Noah Wyle, Mekhi Phifer, Maura Tierney, Alex ... Read More
Date/Time and Place of an Event Note:
Originally aired on television 2004-2005.
Summary, etc.:
Year 11 of the fast-paced series brings challenges ... Read More
Target Audience Note:
Not rated by the MPAA.
System Details Note:
DVD; region 1; widescreen; dual-layer format; ... Read More
Language Note:
English dialogue; English, French, Portuguese or ... Read More
Subject: Cook County Hospital (Chicago, Ill.) > Drama.
Hospitals > Emergency services > Drama.
Hospitals > Emergency services > Illinois > Chicago > Drama.
Hospitals > Medical staff > Illinois > Chicago > Drama.
Emergency physicians > Illinois > Chicago > Drama.
Hospitals > Illinois > Chicago > Employees > Drama.
Medical students > Illinois > Chicago > Drama.
Medical personnel and patient > Illinois > Chicago > Drama.
Chicago (Ill.) > Drama.
Genre: Medical television programs.
Television series.
Television melodramas.
Topic Heading: Closed-captioned DVDs.
LDR 03559cgm a2200697Ka 4500
001382799
003LARL_NWRL_CONSORTIUM
00520220107165222.0
007vd cvaizs
008090630s2009 cau000 vleng d
020 . ‡a1419883143
020 . ‡a9781419883149
0241 . ‡a012569704152
02840. ‡a1000016611 ‡bWarner Home Video
03321. ‡a2004---- ‡a2005----
035 . ‡a(OCoLC)419521739
037 . ‡bMidwest Tape ‡nhttp://www.midwesttapes.com
040 . ‡aTEFMT ‡cTEFMT ‡dTEFMT ‡dTEF ‡dIF9 ‡dTEFMT ‡dROC ‡dGL9 ‡dCLE ‡dTEF ‡dGK8 ‡dGZD
0411 . ‡aeng ‡beng ‡bfre ‡bpor ‡bchi ‡heng
043 . ‡an-us-il
08204. ‡a791.45/75 ‡222
24500. ‡aER. ‡pThe complete eleventh season / ‡cexecutive producers, Christopher Ghulack, Michael Crichton, John Wells.
250 . ‡aWidescreen ed.
260 . ‡aBurbank, CA : ‡bWarner Home Video, ‡c2009.
300 . ‡a6 videodiscs (1023 min.) : ‡bsd., col. ; ‡c4 3/4 in.
4900 . ‡aER ; ‡vSeason 11
538 . ‡aDVD; region 1; widescreen; dual-layer format; Dolby digital stereo.
546 . ‡aEnglish dialogue; English, French, Portuguese or Chinese subtitles. Subtitled for the deaf and hard of hearing.
521 . ‡aNot rated by the MPAA.
500 . ‡aCreated by Michael Crichton.
5111 . ‡aNoah Wyle, Mekhi Phifer, Maura Tierney, Alex Kingston, Goran Visnjic, Shane West, Laura Innes, Parminder Nagra, Linda Cardellini, Sherry Stringfield.
518 . ‡aOriginally aired on television 2004-2005.
520 . ‡aYear 11 of the fast-paced series brings challenges and changes to the ER. Corday and Chen weigh work and family. Abby finds that being a good doctor is as tough as being a good nurse. Ray Barnett - doctor by day, rock star by night - arrives. Carter decides to leave; he set the tone, provided the example. His impact will endure.
50500. ‡gDisc 1. ‡tOne for the road ; ‡tDamaged ; ‡tTry Carter ; ‡tFear -- ‡gDisc 2. An intern's guide to the galaxy ; ‡tTime of death ; ‡tWhite guy, dark hair ; ‡tA shot in the dark -- ‡gDisc 3. 'Twas the night ; ‡tSkin ; ‡tOnly connect -- ‡gDisc 4. The provider ; ‡tMiddleman ; ‡tJust as I am ; ‡tAlone in the crowd -- ‡gDisc 5. Here and there ; ‡tBack in the world ; ‡tRefusal of care ; ‡tRuby redux -- ‡gDisc 6. You are here ; ‡tCarter est amoureux ; ‡tThe show must go on.
500 . ‡aSpecial features: Outpatient outtakes: unaired scenes.
61020. ‡aCook County Hospital (Chicago, Ill.) ‡vDrama.
650 0. ‡aHospitals ‡xEmergency services ‡vDrama.
650 0. ‡aHospitals ‡xEmergency services ‡zIllinois ‡zChicago ‡vDrama.
650 0. ‡aHospitals ‡xMedical staff ‡zIllinois ‡zChicago ‡vDrama.
650 0. ‡aEmergency physicians ‡zIllinois ‡zChicago ‡vDrama.
650 0. ‡aHospitals ‡zIllinois ‡zChicago ‡xEmployees ‡vDrama.
650 0. ‡aMedical students ‡zIllinois ‡zChicago ‡vDrama.
650 0. ‡aMedical personnel and patient ‡zIllinois ‡zChicago ‡vDrama.
651 0. ‡aChicago (Ill.) ‡vDrama.
655 0. ‡aMedical television programs. ‡0(LARL_NWRL_CONSORTIUM)175775
655 0. ‡aTelevision series. ‡0(LARL_NWRL_CONSORTIUM)175797
655 0. ‡aTelevision melodramas. ‡0(LARL_NWRL_CONSORTIUM)175804
690 . ‡aClosed-captioned DVDs.
7001 . ‡aCrichton, Michael, ‡d1942-2008. ‡0(LARL_NWRL_CONSORTIUM)47686
7001 . ‡aWyle, Noah, ‡d1971- ‡0(LARL_NWRL_CONSORTIUM)145421
7001 . ‡aPhifer, Mekhi, ‡d1975- ‡0(LARL_NWRL_CONSORTIUM)152307
7001 . ‡aTierney, Maura, ‡d1965- ‡0(LARL_NWRL_CONSORTIUM)137033
7001 . ‡aKingston, Alex. ‡0(LARL_NWRL_CONSORTIUM)143852
7001 . ‡aVisnjic, Goran, ‡d1972- ‡0(LARL_NWRL_CONSORTIUM)148485
7001 . ‡aWest, Shane. ‡0(LARL_NWRL_CONSORTIUM)148124
7001 . ‡aInnes, Laura, ‡d1959- ‡0(LARL_NWRL_CONSORTIUM)205625
7001 . ‡aNagra, Parminder, ‡d1975- ‡0(LARL_NWRL_CONSORTIUM)149589
7001 . ‡aCardellini, Linda, ‡d1975- ‡0(LARL_NWRL_CONSORTIUM)152094
7001 . ‡aStringfield, Sherry, ‡d1967- ‡0(LARL_NWRL_CONSORTIUM)145420
7102 . ‡aWarner Home Video (Firm) ‡0(LARL_NWRL_CONSORTIUM)139520
7300 . ‡aER (Television program).
901 . ‡a382799 ‡b ‡c382799 ‡tbiblio

Additional Resources